000 00600nam a2200181 i 4500
001 30043
003 ES-MaACL
005 20250902034535.0
007 t|
008 030123s1971 sp ||||1| spa d
100 1 _aBarquero Garces, Celedonio.
_925792
245 1 0 _aInversiones extranjeras
_b: la realidad española /
_cCeledonio Barquero Garces.
260 _aBarcelona :
_bEscuela de Administración de Empresas,
_c1971.
300 _a250 p. ;
_c21 cm.
710 2 _aEscuela de Administración de Empresas (Barcelona)
_93519
852 _aES-MaACL
_jC-42776
_bR.81116
999 _c30043
_d30043